000 00776nam a2200241 i 4500
003 DO-SdBNP
005 20230818140413.0
006 a||||gr|||| 00| 0
007 ta
008 230818e1996 dr ||||| |||| 00| 0 spa d
040 _aDO-SdBNP
_bspa
_cBNPHU
_erda
082 4 _222
_bR426L
110 1 _aRepública Dominicana.
_bCongreso Nacional
_916501
240 _a(Ley no. 126)
245 1 0 _aLey no. 126 del 22 de mayo de 1971 G. O. y sus modificaciones de seguros privados de la República Dominicana. /
264 4 _aSanto Domingo :
_b[sin editora],
_c1996
300 _a67 páginas ;
_c21 cm.
336 _2rdacontent
_atexto
_btxt
337 _2rdamedia
_asin mediación
_bn
338 _2rdacarrier
_avolumen
_bnc
590 _aInventariado 2023 / MF
942 _2ddc
_cLBS1
999 _c54482
_d54482